日本における朱子学の受容 - Statistics

General Stats
  • This quiz has been taken 7 times
  • The average score is 7 of 15
Answer Stats
京都の禅僧1 仏教を捨てて環俗
1の弟子 2 徳川家康に使え、武家諸法度の起草などに功績。朱子学こそ正しい学問と考えた
 大地の上に天があるように人間界の上限関係も当然である3
 人間は私利私欲を抑え、天の理にかなった身分秩序を山って生きるべきだ4
日本の陽明学
 5
道徳の基本として6を重視
その弟子:7

士道
8 2の弟子
従来の野性的な武士道に対して、儒学的な性格の9を主張
戦闘者としての武士から10になる階級の武士へ

古義学
11
孔子や孟子の思想の中心には12であり、これを実践することが大切だ
12を実践するために13も重視

古文辞学
14
儒教における理想的な統治の道15
Answer % Correct
2 林羅山
100%
1 藤原惺窩
60%
3 上下定分の理
60%
4 存心持敬
60%
8 山鹿素行
60%
12
60%
5 中江藤樹
40%
6
40%
7 熊沢蕃山
40%
9 士道
40%
10 三民の師
40%
11 伊藤仁斎
40%
13
40%
14 荻生徂徠
40%
15 先王之道
20%
No matching quizzes found
Score Distribution
Percent of People with Each Score
Percentile by Number Answered
Your Score History
You have not taken this quiz